000 00686nam a2200181Ia 4500
008 100921s9999 xx 000 0 und d
082 _b27540
_a891.468 थ 94
100 _aरेडे भालचंद्र.
245 _aवशीला लावा वशीला.
260 _bदिपाली प्रकाशन, कल्याण.
_c1994
300 _a112
_bरसिक साहित्य,पुणे
365 _b50
520 _aललित-संकीर्ण.
630 _aवशीला लावा वशीला.
650 _aललित-संकीर्ण.
730 _aवशीला लावा वशीला.
942 _cBOOK
999 _c776653
_d776650